Countries of the First Clashan War - Statistics

General Stats
  • This quiz has been taken 3 times
  • The average score is 14 of 15
Answer Stats
Deaths Country % Correct
6.7M Arcadia
100%
9M Centra
100%
10.5M Checka
100%
7.1M Glassland
100%
3.2M Kongia
100%
16.7M Poetra
100%
6.9M Slavia
100%
7M Sley Empire
100%
14.3M Yatzong
100%
3.2M Yekon
100%
10.9M Yeland
100%
6.6M Yogima
100%
10.5M Zingia
100%
10.4M Poetvillage
50%
6.4M Yefume
0%
No matching quizzes found
Score Distribution
Percent of People with Each Score
Percentile by Number Answered
Your Score History
You have not taken this quiz